[Event "Montreal Mercredi 04"]
[Site "Montreal CAN"]
[Date "2012.04.25"]
[Round "4"]
[White "Chiku-Ratte, Olivier-Kenta"]
[Black "Levkovsky, Alexandre"]
[Result "1/2-1/2"]
[WhiteElo "2124"]
[BlackElo "2283"]
[PlyCount "78"]
[GameId "2160767909509708"]
[EventDate "2012.04.13"]
[EventType "swiss"]
[EventRounds "5"]
[EventCountry "CAN"]
[SourceTitle "EXT 2022"]
[Source "ChessBase"]
[SourceDate "2021.10.06"]
[SourceVersion "1"]
[SourceVersionDate "2021.10.06"]
[SourceQuality "1"]

1. d4 Nf6 2. c4 e6 3. Nc3 Bb4 4. e3 b6 5. Nge2 Ba6 6. a3 Bxc3+ 7. Nxc3 d5 8. Qf3 c6 9. b3 O-O 10. Be2 Qe7 11. O-O Bb7 12. Qg3 c5 13. Bb2 cxd4 14. exd4 Nc6 15. Rad1 Na5 16. cxd5 exd5 17. b4 Nc6 18. Bf3 Qd7 19. Bc1 Ne7 20. Bg5 Ne4 21. Bxe4 dxe4 22. Bxe7 Qxe7 23. d5 f5 24. d6 Qd7 25. Nd5 Bxd5 26. Rxd5 f4 27. Qb3 Kh8 28. Qc4 Rae8 29. Rd4 b5 30. Qc7 Rf7 31. Qxd7 Rxd7 32. Re1 Kg8 33. Kf1 e3 34. fxe3 fxe3 35. Rd3 Rf7+ 36. Kg1 e2 37. Rd2 Rd7 38. Rexe2 Rxe2 39. Rxe2 Rxd6 1/2-1/2

[Event "Montreal Mercredi 04"]
[Site "Montreal CAN"]
[Date "2012.04.25"]
[Round "4"]
[White "Cockburn, Denton"]
[Black "Leveille, Francois"]
[Result "0-1"]
[WhiteElo "2277"]
[BlackElo "2316"]
[PlyCount "58"]
[GameId "2160767909509709"]
[EventDate "2012.04.13"]
[EventType "swiss"]
[EventRounds "5"]
[EventCountry "CAN"]
[SourceTitle "EXT 2022"]
[Source "ChessBase"]
[SourceDate "2021.10.06"]
[SourceVersion "1"]
[SourceVersionDate "2021.10.06"]
[SourceQuality "1"]

1. d4 Nf6 2. c4 g6 3. g3 Bg7 4. Bg2 O-O 5. Nc3 d6 6. Nf3 Nbd7 7. O-O e5 8. e4 Re8 9. h3 exd4 10. Nxd4 a6 11. Be3 Rb8 12. Kh2 Ne5 13. b3 c5 14. Nde2 b5 15. cxb5 axb5 16. a4 bxa4 17. Nxa4 Be6 18. Rb1 Rb4 19. Nec3 Qb8 20. Nd5 Nxd5 21. exd5 Bf5 22. Bd2 Bxb1 23. Bxb4 Bd3 24. f4 Bxf1 25. Bxf1 Qxb4 26. fxe5 Rxe5 27. Bc4 Re1 28. Qc2 Be5 29. Kg2 Re3 0-1

[Event "Montreal Mercredi 04"]
[Site "Montreal CAN"]
[Date "2012.04.25"]
[Round "4"]
[White "Dominique, Vladimir"]
[Black "Hebert, Pierre"]
[Result "0-1"]
[WhiteElo "1710"]
[BlackElo "1669"]
[PlyCount "92"]
[GameId "2160767909509710"]
[EventDate "2012.04.13"]
[EventType "swiss"]
[EventRounds "5"]
[EventCountry "CAN"]
[SourceTitle "EXT 2022"]
[Source "ChessBase"]
[SourceDate "2021.10.06"]
[SourceVersion "1"]
[SourceVersionDate "2021.10.06"]
[SourceQuality "1"]

1. e4 c5 2. Nf3 d6 3. Bb5+ Bd7 4. a4 Nf6 5. Nc3 Nc6 6. O-O g6 7. d4 cxd4 8. Nxd4 Bg7 9. Nf3 O-O 10. h3 Rc8 11. Bg5 a6 12. Be2 Qb6 13. Qd2 Be6 14. Rab1 Qb4 15. Bd3 Ne5 16. Nxe5 dxe5 17. Qe3 Rfd8 18. Rfd1 Rd7 19. Qg3 Rcd8 20. Bd2 Qc5 21. Be3 Qc7 22. f3 Nh5 23. Qf2 Rd6 24. Bc5 Rc6 25. Be3 Rcd6 26. Nd5 Bxd5 27. exd5 Nf4 28. Bc5 Nxd3 29. Rxd3 Rf6 30. d6 exd6 31. Bb6 Qd7 32. Bxd8 Qxd8 33. Rbd1 e4 34. Rd5 exf3 35. gxf3 Re6 36. c4 Be5 37. c5 Qg5+ 38. Kf1 dxc5 39. Qxc5 Qf4 40. Rd8+ Kg7 41. R1d3 Qh2 42. Qf2 Qh1+ 43. Qg1 Qxh3+ 44. Qg2 Qh4 45. b3 Bc3 46. Rd1 Re1+ 0-1

[Event "Montreal Mercredi 04"]
[Site "Montreal CAN"]
[Date "2012.04.25"]
[Round "4"]
[White "Gauthier, Denis"]
[Black "Baran, Marius"]
[Result "1-0"]
[WhiteElo "1901"]
[BlackElo "1778"]
[PlyCount "57"]
[GameId "2160767909509711"]
[EventDate "2012.04.13"]
[EventType "swiss"]
[EventRounds "5"]
[EventCountry "CAN"]
[SourceTitle "EXT 2022"]
[Source "ChessBase"]
[SourceDate "2021.10.06"]
[SourceVersion "1"]
[SourceVersionDate "2021.10.06"]
[SourceQuality "1"]

1. d4 d5 2. c4 e6 3. Nc3 Nf6 4. cxd5 exd5 5. Bg5 Be7 6. e3 O-O 7. Bd3 Nbd7 8. Nge2 c5 9. O-O Re8 10. Rc1 b6 11. Bb1 Bb7 12. a3 Ne4 13. Bxe7 Rxe7 14. dxc5 Ndxc5 15. b4 Nxc3 16. Rxc3 Ne4 17. Bxe4 dxe4 18. Nd4 Rc8 19. Rxc8 Qxc8 20. Qh5 g6 21. Qg5 Qe8 22. Rc1 Re5 23. Qf6 Qe7 24. Qf4 f5 25. h4 Kf8 26. g4 Ke8 27. gxf5 Bd5 28. f6 Qd6 29. Nb5 1-0

[Event "Montreal Mercredi 04"]
[Site "Montreal CAN"]
[Date "2012.04.25"]
[Round "4"]
[White "Gauthier, Luc"]
[Black "Cote, Philippe"]
[Result "1-0"]
[WhiteElo "1691"]
[BlackElo "1672"]
[PlyCount "57"]
[GameId "2160767909509712"]
[EventDate "2012.04.13"]
[EventType "swiss"]
[EventRounds "5"]
[EventCountry "CAN"]
[SourceTitle "EXT 2022"]
[Source "ChessBase"]
[SourceDate "2021.10.06"]
[SourceVersion "1"]
[SourceVersionDate "2021.10.06"]
[SourceQuality "1"]

1. e4 d6 2. d4 Nf6 3. Nc3 g6 4. Be3 c6 5. Qd2 b5 6. f3 Nbd7 7. g4 Nb6 8. b3 Nfd7 9. h4 h6 10. Nge2 Bg7 11. Ng3 Nf6 12. h5 g5 13. Bd3 Qc7 14. O-O-O a5 15. e5 b4 16. Nb5 cxb5 17. exf6 Bxf6 18. Bxb5+ Bd7 19. Bxd7+ Kxd7 20. Ne4 Bg7 21. Nc5+ Ke8 22. Ne4 Nd5 23. Rhe1 a4 24. Kb1 e6 25. Bxg5 hxg5 26. Qxg5 Nc3+ 27. Nxc3 Qxc3 28. Re3 Bh6 29. Qb5+ 1-0

[Event "Montreal Mercredi 04"]
[Site "Montreal CAN"]
[Date "2012.04.25"]
[Round "4"]
[White "Giroux, Robert"]
[Black "Boudreau, Daniel"]
[Result "0-1"]
[WhiteElo "1903"]
[BlackElo "1905"]
[PlyCount "52"]
[GameId "2160767909509713"]
[EventDate "2012.04.13"]
[EventType "swiss"]
[EventRounds "5"]
[EventCountry "CAN"]
[SourceTitle "EXT 2022"]
[Source "ChessBase"]
[SourceDate "2021.10.06"]
[SourceVersion "1"]
[SourceVersionDate "2021.10.06"]
[SourceQuality "1"]

1. d4 Nf6 2. Nc3 d5 3. Bg5 Ne4 4. Nxe4 dxe4 5. e3 c5 6. c3 Qa5 7. Bf4 Nd7 8. dxc5 Qxc5 9. Qa4 g5 10. Bg3 Bg7 11. Ne2 O-O 12. O-O-O Nb6 13. Qb4 Qxb4 14. cxb4 Bg4 15. b3 a5 16. bxa5 Rxa5 17. Rd2 Rc8+ 18. Kb1 Rac5 19. h3 Be6 20. f3 Bf5 21. f4 Nd5 22. fxg5 Nxe3 23. Bf2 Nxf1 24. Rd8+ Rxd8 25. Bxc5 Rd1+ 26. Kc2 Rd2+ 0-1

[Event "Montreal Mercredi 04"]
[Site "Montreal CAN"]
[Date "2012.04.25"]
[Round "4"]
[White "Le Bas, Nicolas"]
[Black "Barko, Maxim"]
[Result "0-1"]
[WhiteElo "1612"]
[BlackElo "1668"]
[PlyCount "60"]
[GameId "2160767909509714"]
[EventDate "2012.04.13"]
[EventType "swiss"]
[EventRounds "5"]
[EventCountry "CAN"]
[SourceTitle "EXT 2022"]
[Source "ChessBase"]
[SourceDate "2021.10.06"]
[SourceVersion "1"]
[SourceVersionDate "2021.10.06"]
[SourceQuality "1"]

1. e4 e6 2. d4 d5 3. Nc3 Bb4 4. Nge2 dxe4 5. a3 Be7 6. Nxe4 Nf6 7. N2g3 O-O 8. Bf4 Nd5 9. Be3 f5 10. Nd2 f4 11. Bxf4 Nxf4 12. Nf3 c5 13. Bc4 Nxg2+ 14. Kf1 Nh4 15. Ne5 Qxd4 16. Qe2 Nc6 17. Nxc6 bxc6 18. c3 Qf6 19. Rg1 Qf3 20. Qc2 Qf4 21. b3 Nf3 22. Rg2 Nd2+ 23. Kg1 Nxc4 24. bxc4 Qxc4 25. Kh1 e5 26. Nh5 Rf7 27. Rag1 Bf8 28. Qd2 Bf5 29. Qg5 Bg6 30. Qxe5 Qd5 0-1

[Event "Montreal Mercredi 04"]
[Site "Montreal CAN"]
[Date "2012.04.25"]
[Round "4"]
[White "Luo, Zhao Yang"]
[Black "Tremblay, Alain"]
[Result "0-1"]
[WhiteElo "2089"]
[BlackElo "2028"]
[PlyCount "74"]
[GameId "2160767909509715"]
[EventDate "2012.04.13"]
[EventType "swiss"]
[EventRounds "5"]
[EventCountry "CAN"]
[SourceTitle "EXT 2022"]
[Source "ChessBase"]
[SourceDate "2021.10.06"]
[SourceVersion "1"]
[SourceVersionDate "2021.10.06"]
[SourceQuality "1"]

1. d4 d5 2. Nf3 Bf5 3. e3 Nf6 4. Be2 h6 5. O-O e6 6. b3 Nbd7 7. c4 c6 8. Bb2 Be7 9. Nc3 O-O 10. Bd3 Bxd3 11. Qxd3 Re8 12. Rad1 Qa5 13. a3 dxc4 14. bxc4 Rad8 15. Qe2 Qh5 16. e4 Nh7 17. e5 Ng5 18. Nxg5 Qxe2 19. Nxe2 hxg5 20. Rfe1 Nb6 21. Rc1 Na4 22. Rb1 b6 23. Red1 Rd7 24. Bc1 Red8 25. Rb3 f6 26. f4 fxe5 27. fxe5 c5 28. Rbd3 cxd4 29. Kh1 Bc5 30. Bxg5 Rc8 31. Bc1 Rf8 32. Nf4 Nb2 33. Nxe6 Nxd3 34. Nxf8 Rf7 35. Kg1 Nxc1 36. Rxc1 d3+ 37. Kh1 Rxf8 0-1

[Event "Montreal Mercredi 04"]
[Site "Montreal CAN"]
[Date "2012.04.25"]
[Round "4"]
[White "Nardone, Raul"]
[Black "Rondon, Luciano"]
[Result "1/2-1/2"]
[WhiteElo "1895"]
[BlackElo "1816"]
[PlyCount "78"]
[GameId "2160767909509716"]
[EventDate "2012.04.13"]
[EventType "swiss"]
[EventRounds "5"]
[EventCountry "CAN"]
[SourceTitle "EXT 2022"]
[Source "ChessBase"]
[SourceDate "2021.10.06"]
[SourceVersion "1"]
[SourceVersionDate "2021.10.06"]
[SourceQuality "1"]

1. e4 c5 2. Nf3 e6 3. d4 cxd4 4. Nxd4 Nf6 5. Nc3 d6 6. Be2 Be7 7. O-O O-O 8. f4 Nc6 9. Be3 e5 10. Nb3 exf4 11. Rxf4 Be6 12. Kh1 a5 13. a4 Nd7 14. Rf1 Rc8 15. Nd4 Nxd4 16. Bxd4 Ne5 17. Nd5 Bxd5 18. exd5 g6 19. c3 f5 20. Qb3 Nd7 21. Rad1 Bf6 22. Bxf6 Nxf6 23. Bf3 Qc7 24. Rfe1 Rce8 25. Re6 Nd7 26. Qb5 Qd8 27. Rxd6 Re7 28. Qxb7 Rfe8 29. h3 Re1+ 30. Rxe1 Rxe1+ 31. Kh2 Qe8 32. Re6 Rxe6 33. dxe6 Ne5 34. Qb5 Nxf3+ 35. gxf3 Qxe6 36. f4 Qe3 37. Qd5+ Kf8 38. Qd6+ Kf7 39. Qc7+ Kf8 1/2-1/2

[Event "Montreal Mercredi 04"]
[Site "Montreal CAN"]
[Date "2012.04.25"]
[Round "4"]
[White "Poirier, Erik"]
[Black "Ramaswamy, Kiran"]
[Result "0-1"]
[WhiteElo "2035"]
[BlackElo "2029"]
[PlyCount "56"]
[GameId "2160767909509717"]
[EventDate "2012.04.13"]
[EventType "swiss"]
[EventRounds "5"]
[EventCountry "CAN"]
[SourceTitle "EXT 2022"]
[Source "ChessBase"]
[SourceDate "2021.10.06"]
[SourceVersion "1"]
[SourceVersionDate "2021.10.06"]
[SourceQuality "1"]

1. d4 Nf6 2. c4 c5 3. d5 e5 4. Nc3 d6 5. e4 Be7 6. Bd3 O-O 7. Nge2 Ne8 8. a3 g6 9. Bh6 Ng7 10. Qd2 Nd7 11. g4 a6 12. h4 b5 13. cxb5 c4 14. Bxc4 axb5 15. h5 bxc4 16. hxg6 fxg6 17. Bxg7 Bg5 18. f4 Bh4+ 19. Kd1 Kxg7 20. g5 Bf2 21. Kc2 Qb6 22. Raf1 Qe3 23. Qxe3 Bxe3 24. Nb5 Nc5 25. Nc7 Ra7 26. Nb5 Rd7 27. fxe5 Rxf1 28. Rxf1 dxe5 0-1

[Event "Montreal Mercredi 04"]
[Site "Montreal CAN"]
[Date "2012.04.25"]
[Round "4"]
[White "Rainton, Jean-Pierre"]
[Black "Lacroix, Serge"]
[Result "1-0"]
[WhiteElo "1714"]
[BlackElo "1852"]
[PlyCount "47"]
[GameId "2160767909509718"]
[EventDate "2012.04.13"]
[EventType "swiss"]
[EventRounds "5"]
[EventCountry "CAN"]
[SourceTitle "EXT 2022"]
[Source "ChessBase"]
[SourceDate "2021.10.06"]
[SourceVersion "1"]
[SourceVersionDate "2021.10.06"]
[SourceQuality "1"]

1. e4 c5 2. Nc3 Nc6 3. g3 g6 4. Bg2 Bg7 5. Nge2 e5 6. d3 Nf6 7. O-O d6 8. f4 Bg4 9. h3 Bxe2 10. Nxe2 Nd4 11. c3 Nxe2+ 12. Qxe2 exf4 13. e5 Nh5 14. exd6+ Kf8 15. Qf3 Nxg3 16. Rf2 Nh5 17. Bxf4 Nxf4 18. Qxf4 Qd7 19. Re1 Re8 20. Rfe2 Rxe2 21. Rxe2 Qf5 22. d7 Bf6 23. Qh6+ Kg8 24. Re8# 1-0

[Event "Montreal Mercredi 04"]
[Site "Montreal CAN"]
[Date "2012.05.02"]
[Round "5"]
[White "Baran, Marius"]
[Black "Nardone, Raul"]
[Result "1/2-1/2"]
[WhiteElo "1778"]
[BlackElo "1895"]
[PlyCount "68"]
[GameId "2160767909509719"]
[EventDate "2012.04.13"]
[EventType "swiss"]
[EventRounds "5"]
[EventCountry "CAN"]
[SourceTitle "EXT 2022"]
[Source "ChessBase"]
[SourceDate "2021.10.06"]
[SourceVersion "1"]
[SourceVersionDate "2021.10.06"]
[SourceQuality "1"]

1. d4 e6 2. c4 f5 3. Nc3 d5 4. Nf3 Nf6 5. Bf4 c6 6. e3 Bd6 7. Ne5 O-O 8. Bd3 Ne4 9. h4 Bb4 10. Qc2 Qa5 11. Rc1 Qxa2 12. Bxe4 fxe4 13. O-O Qa5 14. f3 exf3 15. Rxf3 Nd7 16. Nxd7 Bxd7 17. Rg3 Be7 18. Be5 Bf6 19. Bd6 Bxh4 20. Rh3 Bf2+ 21. Kh1 g6 22. Bxf8 Rxf8 23. Rf1 e5 24. Rxf2 Rxf2 25. Qxf2 Bxh3 26. gxh3 exd4 27. exd4 dxc4 28. Qg2 Qa1+ 29. Kh2 Qc1 30. d5 Qf4+ 31. Kg1 Qc1+ 32. Kh2 Qf4+ 33. Qg3 Qd2+ 34. Qg2 Qf4+ 1/2-1/2

[Event "Montreal Mercredi 04"]
[Site "Montreal CAN"]
[Date "2012.05.02"]
[Round "5"]
[White "Barko, Maxim"]
[Black "Dominique, Vladimir"]
[Result "0-1"]
[WhiteElo "1668"]
[BlackElo "1710"]
[PlyCount "66"]
[GameId "2160767909509720"]
[EventDate "2012.04.13"]
[EventType "swiss"]
[EventRounds "5"]
[EventCountry "CAN"]
[SourceTitle "EXT 2022"]
[Source "ChessBase"]
[SourceDate "2021.10.06"]
[SourceVersion "1"]
[SourceVersionDate "2021.10.06"]
[SourceQuality "1"]

1. Nf3 Nf6 2. d4 d5 3. c4 e6 4. e3 Bd6 5. Nbd2 Nbd7 6. b3 c6 7. Bb2 b6 8. Bd3 Bb7 9. O-O O-O 10. Ne5 Rc8 11. f4 c5 12. Rc1 Qe7 13. Ndf3 cxd4 14. exd4 Ba3 15. Bxa3 Qxa3 16. Nxd7 Nxd7 17. Bb1 dxc4 18. bxc4 Qe3+ 19. Rf2 Bxf3 20. gxf3 Qxf4 21. Qd3 Qxc1+ 22. Rf1 Qg5+ 23. Kh1 g6 24. f4 Qf6 25. f5 exf5 26. Qg3 Qc6+ 27. Kg1 Qxc4 28. Bxf5 Qxd4+ 29. Kh1 Rc3 30. Qg5 Rc5 31. Qg3 Rxf5 32. Rxf5 Qe4+ 33. Rf3 Ne5 0-1

[Event "Montreal Mercredi 04"]
[Site "Montreal CAN"]
[Date "2012.05.02"]
[Round "5"]
[White "Boudreau, Daniel"]
[Black "Luo, Zhao Yang"]
[Result "0-1"]
[WhiteElo "1905"]
[BlackElo "2089"]
[PlyCount "104"]
[GameId "2160767909509721"]
[EventDate "2012.04.13"]
[EventType "swiss"]
[EventRounds "5"]
[EventCountry "CAN"]
[SourceTitle "EXT 2022"]
[Source "ChessBase"]
[SourceDate "2021.10.06"]
[SourceVersion "1"]
[SourceVersionDate "2021.10.06"]
[SourceQuality "1"]

1. e4 c6 2. d4 d5 3. exd5 cxd5 4. c4 Nf6 5. Nc3 e6 6. Nf3 Be7 7. Qc2 dxc4 8. Bxc4 O-O 9. O-O Nc6 10. Rd1 Nb4 11. Qb3 Nbd5 12. Bg5 Nxc3 13. bxc3 Ne4 14. Bxe7 Qxe7 15. Re1 Nd6 16. Bd3 b6 17. Qc2 h6 18. Re3 Bb7 19. Ne5 Rac8 20. Rae1 Rc7 21. Qd2 Qg5 22. g3 Nf5 23. f4 Qf6 24. Bb1 Nxe3 25. Rxe3 Bd5 26. Ng4 Qd8 27. Qc2 f5 28. Ne5 Qf6 29. Qb2 Rfc8 30. Bc2 g5 31. Bb3 gxf4 32. gxf4 Rg7+ 33. Rg3 Bxb3 34. axb3 Rcc7 35. c4 Qh4 36. Qf2 Qh3 37. Ng6 Qh5 38. Ne5 Qd1+ 39. Kg2 Qxb3 40. Qe2 Rxg3+ 41. hxg3 Rg7 42. Nf3 Re7 43. d5 Qb4 44. Ne5 exd5 45. cxd5 Qe4+ 46. Qxe4 fxe4 47. d6 Re6 48. Nc4 Kf8 49. Kf2 b5 50. d7 Ke7 51. Ne5 Rxe5 52. fxe5 Kxd7 0-1

[Event "Montreal Mercredi 04"]
[Site "Montreal CAN"]
[Date "2012.05.02"]
[Round "5"]
[White "Cote, Philippe"]
[Black "Le Bas, Nicolas"]
[Result "0-1"]
[WhiteElo "1672"]
[BlackElo "1612"]
[PlyCount "84"]
[GameId "2160767909509722"]
[EventDate "2012.04.13"]
[EventType "swiss"]
[EventRounds "5"]
[EventCountry "CAN"]
[SourceTitle "EXT 2022"]
[Source "ChessBase"]
[SourceDate "2021.10.06"]
[SourceVersion "1"]
[SourceVersionDate "2021.10.06"]
[SourceQuality "1"]

1. e4 e5 2. Nc3 Bc5 3. f4 exf4 4. Nf3 Nc6 5. d4 Bb6 6. Bxf4 d6 7. Bc4 Nf6 8. O-O Bg4 9. Be3 Qe7 10. Qd3 Nb4 11. Qd2 O-O-O 12. Rae1 Rde8 13. e5 dxe5 14. Nxe5 Bh5 15. a3 Nc6 16. Nxc6 bxc6 17. Qf2 Kb7 18. Bg5 Qd6 19. Bxf6 gxf6 20. Ne4 Qxd4 21. Qxd4 Bxd4+ 22. Kh1 Bg6 23. c3 Bxe4 24. cxd4 Bd5 25. Bxd5 cxd5 26. g3 Rxe1 27. Rxe1 Kc6 28. Rf1 Kb5 29. Rxf6 Rf8 30. Kg2 Kc4 31. Rc6+ Kxd4 32. Rxc7 a5 33. Kf2 Kd3 34. Rc5 d4 35. Rxa5 Kc2 36. b4 d3 37. Rc5+ Kd1 38. b5 Re8 39. b6 Re2+ 40. Kf3 Rb2 41. Rc3 d2 42. Ke3 Ke1 0-1

[Event "Montreal Mercredi 04"]
[Site "Montreal CAN"]
[Date "2012.05.02"]
[Round "5"]
[White "De Briey, Laurent"]
[Black "Cockburn, Denton"]
[Result "1-0"]
[WhiteElo "2216"]
[BlackElo "2277"]
[PlyCount "35"]
[GameId "2160767909509723"]
[EventDate "2012.04.13"]
[EventType "swiss"]
[EventRounds "5"]
[EventCountry "CAN"]
[SourceTitle "EXT 2022"]
[Source "ChessBase"]
[SourceDate "2021.10.06"]
[SourceVersion "1"]
[SourceVersionDate "2021.10.06"]
[SourceQuality "1"]

1. d4 d5 2. Nf3 Nf6 3. e3 e6 4. Bd3 c5 5. b3 Nc6 6. O-O b6 7. Bb2 Be7 8. c4 dxc4 9. bxc4 O-O 10. Nc3 Bb7 11. Qe2 Nb4 12. Bb1 cxd4 13. exd4 Bxf3 14. Qxf3 Qxd4 15. a3 Qxc4 16. axb4 Bxb4 17. Ne4 Nd5 18. Qg4 1-0

[Event "Montreal Mercredi 04"]
[Site "Montreal CAN"]
[Date "2012.05.02"]
[Round "5"]
[White "Lacroix, Serge"]
[Black "Gauthier, Denis"]
[Result "1-0"]
[WhiteElo "1852"]
[BlackElo "1901"]
[PlyCount "103"]
[GameId "2160767909509724"]
[EventDate "2012.04.13"]
[EventType "swiss"]
[EventRounds "5"]
[EventCountry "CAN"]
[SourceTitle "EXT 2022"]
[Source "ChessBase"]
[SourceDate "2021.10.06"]
[SourceVersion "1"]
[SourceVersionDate "2021.10.06"]
[SourceQuality "1"]

1. e4 c5 2. Nf3 Nc6 3. d4 cxd4 4. Nxd4 e6 5. Nc3 Qc7 6. Be3 Nf6 7. g4 h5 8. gxh5 Rxh5 9. Qd2 a6 10. O-O-O Bb4 11. f3 Ne5 12. Be2 Nc4 13. Bxc4 Qxc4 14. Nde2 b5 15. a3 Be7 16. Nf4 Rh7 17. Rhg1 b4 18. axb4 Bxb4 19. Qd4 Qxd4 20. Bxd4 Bb7 21. Na4 O-O-O 22. c3 Be7 23. Nb6+ Kc7 24. Nc4 Rdh8 25. Be5+ Kd8 26. h3 d5 27. exd5 Nxd5 28. Nb6 Ke8 29. Nbxd5 exd5 30. Bxg7 Rg8 31. Be5 Rxg1 32. Rxg1 f6 33. Bd4 Kf7 34. Kc2 Bd6 35. Rg6 Be5 36. Bxe5 fxe5 37. Rb6 Ke8 38. Ng6 e4 39. fxe4 dxe4 40. h4 e3 41. Kd3 a5 42. Kxe3 Bd5 43. Nf4 Bh1 44. Rb8+ Kf7 45. h5 Kf6 46. Rb6+ Kf5 47. Rb5+ Kg4 48. Nd3 Re7+ 49. Kd4 Rd7+ 50. Kc4 Rc7+ 51. Rc5 Ra7 52. Nf2+ 1-0

[Event "Montreal Mercredi 04"]
[Site "Montreal CAN"]
[Date "2012.05.02"]
[Round "5"]
[White "Leveille, Francois"]
[Black "Chiku-Ratte, Olivier-Kenta"]
[Result "1-0"]
[WhiteElo "2316"]
[BlackElo "2124"]
[PlyCount "65"]
[GameId "2160767909509725"]
[EventDate "2012.04.13"]
[EventType "swiss"]
[EventRounds "5"]
[EventCountry "CAN"]
[SourceTitle "EXT 2022"]
[Source "ChessBase"]
[SourceDate "2021.10.06"]
[SourceVersion "1"]
[SourceVersionDate "2021.10.06"]
[SourceQuality "1"]

1. d4 Nf6 2. c4 c5 3. d5 e6 4. Nc3 exd5 5. cxd5 d6 6. Nf3 g6 7. Bf4 a6 8. e4 b5 9. Qe2 Be7 10. Qc2 O-O 11. Be2 Nbd7 12. O-O Nb6 13. Nd2 Ne8 14. Bh6 Ng7 15. a4 b4 16. Nd1 a5 17. Ne3 Bf6 18. Rad1 Re8 19. Bf4 g5 20. Bg3 Bd4 21. Bb5 Bxe3 22. fxe3 Bd7 23. Bc6 Rc8 24. e5 Bxc6 25. dxc6 d5 26. Qxc5 Nxa4 27. Qc2 Nb6 28. Ne4 dxe4 29. Rxd8 Rexd8 30. Qxe4 Nd5 31. Qf3 Rxc6 32. Qxf7+ Kh8 33. Qf8+ 1-0

[Event "Montreal Mercredi 04"]
[Site "Montreal CAN"]
[Date "2012.05.02"]
[Round "5"]
[White "Levkovsky, Alexandre"]
[Black "Cardin, Guillaume"]
[Result "1/2-1/2"]
[WhiteElo "2283"]
[BlackElo "2145"]
[PlyCount "158"]
[GameId "2160767909509726"]
[EventDate "2012.04.13"]
[EventType "swiss"]
[EventRounds "5"]
[EventCountry "CAN"]
[SourceTitle "EXT 2022"]
[Source "ChessBase"]
[SourceDate "2021.10.06"]
[SourceVersion "1"]
[SourceVersionDate "2021.10.06"]
[SourceQuality "1"]

1. e4 c5 2. Nf3 g6 3. d4 cxd4 4. Nxd4 Nc6 5. Nxc6 bxc6 6. Qd4 Nf6 7. e5 Nd5 8. Bc4 Qb6 9. c3 Bg7 10. O-O O-O 11. Nd2 d6 12. Bxd5 Qxd4 13. cxd4 cxd5 14. exd6 Bxd4 15. dxe7 Re8 16. Nf3 Bf6 17. Re1 Rxe7 18. Rxe7 Bxe7 19. Be3 Bf6 20. Bd4 Bxd4 21. Nxd4 Bd7 22. Rc1 Rc8 23. Rxc8+ Bxc8 24. f4 Bd7 25. Kf2 Kf8 26. Ke3 Ke7 27. Nf3 f6 28. Kd4 Kd6 29. Nd2 Ba4 30. Nb1 a6 31. Nc3 Bc6 32. b4 g5 33. fxg5 fxg5 34. a4 Bb7 35. b5 axb5 36. Nxb5+ Kc6 37. Nc3 Kd6 38. Na2 h5 39. Nb4 h4 40. h3 Bc8 41. a5 g4 42. hxg4 Bxg4 43. a6 Bc8 44. a7 Bb7 45. Nd3 Kc6 46. Nc5 Ba8 47. Ne6 Kb7 48. Nf4 Kxa7 49. Ng6 Kb6 50. Nxh4 Kc7 51. Ng6 Kd6 52. Nf4 Bc6 53. g4 Ke7 54. Ke5 Kf7 55. g5 Kg7 56. Ne6+ Kg6 57. Kf4 Bb7 58. Nd4 Bc8 59. Nf3 Be6 60. Nh4+ Kg7 61. Nf3 Bc8 62. Nd4 Bd7 63. Nf5+ Kg6 64. Ne7+ Kf7 65. Nxd5 Kg6 66. Ne3 Bb5 67. Ng4 Ba4 68. Ne5+ Kg7 69. Kf5 Bc2+ 70. Kf4 Bb1 71. Nf3 Kg6 72. Kg4 Bf5+ 73. Kf4 Bb1 74. Nh4+ Kg7 75. Kg4 Bc2 76. Ng2 Kg6 77. Ne3 Bb1 78. Nc4 Bc2 79. Ne5+ Kg7 1/2-1/2

[Event "Montreal Mercredi 04"]
[Site "Montreal CAN"]
[Date "2012.05.02"]
[Round "5"]
[White "Ramaswamy, Kiran"]
[Black "Giroux, Robert"]
[Result "1-0"]
[WhiteElo "2029"]
[BlackElo "1903"]
[PlyCount "69"]
[GameId "2160767909509727"]
[EventDate "2012.04.13"]
[EventType "swiss"]
[EventRounds "5"]
[EventCountry "CAN"]
[SourceTitle "EXT 2022"]
[Source "ChessBase"]
[SourceDate "2021.10.06"]
[SourceVersion "1"]
[SourceVersionDate "2021.10.06"]
[SourceQuality "1"]

1. c4 g6 2. g3 Bg7 3. Bg2 e5 4. e4 d6 5. Ne2 Nf6 6. Nbc3 O-O 7. O-O Be6 8. d3 c6 9. Bg5 h6 10. Bd2 Na6 11. f4 Qd7 12. Qc1 Kh7 13. Qc2 Nh5 14. f5 gxf5 15. exf5 Bxf5 16. Rxf5 Qxf5 17. Be4 Qxe4 18. Nxe4 Rad8 19. g4 d5 20. N4g3 Nf6 21. h3 Rg8 22. Rf1 Bh8 23. Kh2 Rd7 24. Nf5 Rg6 25. Neg3 e4 26. dxe4 Nxe4 27. Nxe4 dxe4 28. Bc3 Bxc3 29. Qxc3 Rd3 30. Qe5 Rd2+ 31. Kg3 Rd3+ 32. Kg2 Rd2+ 33. Rf2 e3 34. Qxe3 Rxf2+ 35. Kxf2 1-0

[Event "Montreal Mercredi 04"]
[Site "Montreal CAN"]
[Date "2012.05.02"]
[Round "5"]
[White "Rondon, Luciano"]
[Black "Rainton, Jean-Pierre"]
[Result "1-0"]
[WhiteElo "1816"]
[BlackElo "1714"]
[PlyCount "29"]
[GameId "2160767909509728"]
[EventDate "2012.04.13"]
[EventType "swiss"]
[EventRounds "5"]
[EventCountry "CAN"]
[SourceTitle "EXT 2022"]
[Source "ChessBase"]
[SourceDate "2021.10.06"]
[SourceVersion "1"]
[SourceVersionDate "2021.10.06"]
[SourceQuality "1"]

1. d4 d5 2. c4 c6 3. Nc3 Nf6 4. Nf3 g6 5. Bf4 Bg7 6. e3 O-O 7. cxd5 cxd5 8. Be2 Bg4 9. O-O Bxf3 10. Bxf3 e6 11. Nb5 Nc6 12. Qb3 Rc8 13. Nd6 Na5 14. Qa4 Rc7 15. Qxa5 1-0